Statistiques concernant Signes du zodiaque

Cliquez ici pour prendre le quiz!

Statistiques générales

  • Ce quiz a été pris 20 195 fois
  • Le résultat moyen est 11 sur 12

Statistiques - réponses

signe% Correct
Lion
97%
Poissons
95%
Vierge
93%
Balance
92%
Taureau
91%
Capricorne
91%
Cancer
90%
Sagittaire
89%
Bélier
88%
Scorpion
88%
Gémeaux
86%
Verseau
85%

Distribution des résultats

Percentile par nombre de réponses

% des personnes avec chaque résultat

Votre développement - résultats

Vous n’avez pas pris ce quiz